| 000 | 00874nam a2200265 a 4500 | ||
|---|---|---|---|
| 001 | BRL_322 | ||
| 005 | 20190320210702.0 | ||
| 008 | 290713s1938----fr-#######---#000-0#fre-# | ||
| 041 | _afre | ||
| 044 | _afr | ||
| 050 | 4 |
_aPM3962 _b.W65 1938 |
|
| 100 | 1 |
_aWolff, Werner _d1904- _923543 |
|
| 245 | 1 | 0 |
_aDéchiffrement de L´Écriture Maya _bet traduction des codices _cWerner Wolff ; traduit du manuscrit allemand par le Dr. Edgar Pedro Bruck. |
| 260 |
_aParís _bLibrairie Orientaliste Paul Geuthner _c1938 |
||
| 300 |
_a311 p. _bil. _c25 cm. |
||
| 500 | _aIncluye índice alfabético | ||
| 500 | _aEstado físico: encuadernado, octubre 2013 | ||
| 500 | _aAu600 | ||
| 504 | _aBibliografía: p. 299-308 | ||
| 650 | 1 | 4 |
_aMaya _xEscritura _923544 |
| 650 | 1 | 4 |
_aMaya _vtextos _923545 |
| 700 | 1 |
_aBruck, Edgar Pedro _cDr. _d1905- _etr. _923546 |
|
| 902 | _aGRL | ||
| 942 |
_2lcc _cB |
||
| 999 |
_c9135 _d9135 |
||